Top 5 Scorers for Each NBA Team - Pre-Merger - Statistics

General Stats
  • This quiz has been taken 45 times
  • The average score is 43 of 85
Answer Stats
Team Points Season(s) Player % Correct
Milwaukee Bucks 14211 1970-75 Kareem Abdul-Jabbar
93%
Golden State Warriors 17783 1960-65 Wilt Chamberlain
93%
Atlanta Hawks 20880 1955-65 Bob Pettit
90%
Los Angeles Lakers 25192 1961-74 Jerry West
88%
Boston Celtics 14522 1957-69 Bill Russell
86%
Boston Celtics 16955 1951-63 Bob Cousy
86%
Los Angeles Lakers 23149 1959-72 Elgin Baylor
86%
Boston Celtics 23678 1963-76 John Havlicek
86%
Kansas City Kings 22009 1961-70 Oscar Robertson
86%
Milwaukee Bucks 4701 1971-74 Oscar Robertson
86%
Houston Rockets 8996 1969-72 Elvin Hayes
83%
Los Angeles Lakers 10156 1949-54, 1956 George Mikan
81%
Golden State Warriors 12826 1966-67, 1973-76 Rick Barry
81%
New York Knicks 13294 1968-76 Walt Frazier
81%
New York Knicks 12183 1965-74 Willis Reed
81%
Buffalo Braves 8960 1973-76 Bob McAdoo
79%
Boston Celtics 15411 1958-69 Sam Jones
79%
Philadelphia 76ers 18438 1950-64 Dolph Schayes
76%
Chicago Bulls 12452 1970-76 Bob Love
74%
Cleveland Cavaliers 6614 1971-76 Bingo Smith
69%
Detroit Pistons 10275 1971-76 Bob Lanier
69%
Detroit Pistons 15235 1967-75 Dave Bing
69%
Buffalo Braves 2740 1972-73 Elmore Smith
69%
Cleveland Cavaliers 2751 1973-74 Lenny Wilkens
69%
Seattle SuperSonics 6010 1969-72 Lenny Wilkens
69%
Atlanta Hawks 15081 1967-76 Lou Hudson
69%
Buffalo Braves 6746 1972-76 Randy Smith
69%
Philadelphia 76ers 21586 1959-73 Hal Greer
67%
Golden State Warriors 16266 1951-52, 1955-62 Paul Arizin
67%
Washington Bullets 7775 1968-72 Earl Monroe
64%
Los Angeles Lakers 13044 1966-68, 1971-76 Gail Goodrich
64%
Golden State Warriors 13191 1964-74 Nate Thurmond
64%
Philadelphia 76ers 13626 1966-72, 1975-76 Billy Cunningham
62%
Kansas City Kings 9107 1964-70 Jerry Lucas
60%
Boston Celtics 12287 1952-61 Bill Sharman
57%
Atlanta Hawks 13447 1957-66 Cliff Hagan
57%
Washington Bullets 9781 1964-72 Gus Johnson
57%
Chicago Bulls 10233 1967-76 Jerry Sloan
57%
Cleveland Cavaliers 3684 1971-73 John Johnson
57%
Portland Trail Blazers 2525 1974-76 John Johnson
57%
Milwaukee Bucks 9973 1970-76 Bob Dandridge
55%
Kansas City Kings 10894 1971-76 Tiny Archibald
55%
Los Angeles Lakers 10063 1950-59 Vern Mikkelsen
55%
Washington Bullets 9020 1962-66 Walt Bellamy
55%
Cleveland Cavaliers 5622 1972-76 Austin Carr
52%
Phoenix Suns 6368 1970-74 Connie Hawkins
50%
Houston Rockets 8619 1971-76 Calvin Murphy
48%
Kansas City Kings 15840 1956-66 Jack Twyman
48%
Seattle SuperSonics 8131 1971-75 Spencer Haywood
48%
Chicago Bulls 9788 1970-75 Chet Walker
43%
Philadelphia 76ers 9043 1963-69 Chet Walker
43%
Portland Trail Blazers 9732 1971-76 Geoff Petrie
43%
Phoenix Suns 6010 1970-74 Neal Walk
43%
Houston Rockets 8244 1971-76 Rudy Tomjanovich
43%
Portland Trail Blazers 8882 1972-76 Sidney Wicks
43%
Phoenix Suns 11461 1969-77 Dick Van Arsdale
38%
Milwaukee Bucks 7505 1969-76 Jon McGlocklin
36%
Chicago Bulls 5095 1972-76 Norm Van Lier
36%
Seattle SuperSonics 6011 1972-76 Fred Brown
33%
New York Knicks 9442 1966-74 Dick Barnett
31%
New York Knicks 10329 1957-64 Richie Guerin
31%
Seattle SuperSonics 5646 1968-72 Bob Rule
29%
New York Knicks 10449 1948-50, 1953-62 Carl Braun
29%
Detroit Pistons 8182 1960-64 Bailey Howell
26%
Atlanta Hawks 8685 1963-72 Bill Bridges
26%
Washington Bullets 8017 1967-72 Jack Marin
26%
Golden State Warriors 12547 1967-76 Jeff Mullins
26%
Philadelphia 76ers 11699 1955-65 Red Kerr
26%
Atlanta Hawks 8727 1963-69 Zelmo Beaty
26%
Chicago Bulls 4807 1967-69 Bob Boozer
24%
Buffalo Braves 4847 1971-74 Bob Kauffman
24%
Phoenix Suns 5163 1972-75 Charlie Scott
21%
Detroit Pistons 8034 1957-62 Gene Shue
17%
Portland Trail Blazers 3769 1973-76 Lloyd Neal
17%
Milwaukee Bucks 4185 1971-75 Lucius Allen
17%
Seattle SuperSonics 6302 1970-74 Dick Snyder
14%
Buffalo Braves 3585 1974-76 Jim McMillian
14%
Washington Bullets 9833 1964-72 Kevin Loughery
14%
Houston Rockets 6075 1972-76 Mike Newlin
14%
Kansas City Kings 8486 1959-66 Wayne Embry
14%
Houston Rockets 4947 1972-76 Stu Lantz
10%
Cleveland Cavaliers 2906 1973-76 Jim Cleamons
7%
Portland Trail Blazers 2990 1972-76 Larry Steele
7%
Phoenix Suns 4407 1971-74 Clem Haskins
5%
Detroit Pistons 7419 1964-70 Eddie Miles
2%
No matching quizzes found
Score Distribution
Percent of People with Each Score
Percentile by Number Answered
Your Score History
You have not taken this quiz